000 00435nam a22001697a 4500
003 NUST - PNEC
005 20170116180913.0
008 150903b xxu||||| |||| 00| 0 eng d
020 _a1852337583
040 _cLIBRARY
082 _a620.11223 BAR
100 _97216
_aBardal, Einar
245 _aCorrosion and protection
_c Einar Bardal
260 _cc.2004
650 _97219
_aCorrosion and anti-corrosives
_xME
942 _2ddc
_cBK
999 _c65348
_d65348